[Event "USCL Boston vs New York"]
[Site "Internet Chess Club"]
[Date "2009.11.04"]
[Round "10"]
[White "Rosenberg, Evan"]
[Black "Martirosov, Vadim"]
[Result "0-1"]
[WhiteElo "2185"]
[BlackElo "2235"]
[PlyCount "64"]
[EventDate "2009.??.??"]

1. d4 d5 2. c4 e6 3. Nc3 Be7 4. cxd5 exd5 5. Bf4 Nf6 6. e3 Bf5 7. a3 c6 8. Nf3
O-O 9. Qb3 Qb6 10. Qxb6 axb6 11. Be2 Nbd7 12. h3 b5 13. O-O Nb6 14. Ne5 Ne4 15.
Nxe4 dxe4 16. Rfc1 f6 17. Ng4 h5 18. Nxf6+ gxf6 19. Bxh5 Nd5 20. Bg3 Rfd8 21.
Bd1 Bd6 22. Bxd6 Rxd6 23. g4 Bg6 24. Bb3 Kg7 25. Kg2 f5 26. g5 f4 27. Bxd5 Rxd5
28. h4 Rh8 29. Rh1 Bh5 30. Rh2 Bf3+ 31. Kg1 Kg6 32. b4 Kf5 0-1

[Event "USCL Philadelphia vs Carolina"]
[Site "Internet Chess Club"]
[Date "2009.11.04"]
[Round "10"]
[White "Zaikov, Oleg"]
[Black "Bartell, Tom"]
[Result "1-0"]
[WhiteElo "2388"]
[BlackElo "2411"]
[PlyCount "77"]
[EventDate "2009.??.??"]

1. d4 Nf6 2. c4 g6 3. Nc3 Bg7 4. e4 O-O 5. h3 c6 6. e5 Ne8 7. f4 d6 8. Nf3 Nc7
9. Be3 Nd7 10. c5 b6 11. cxd6 exd6 12. Bc4 b5 13. Bb3 Nb6 14. Ne4 d5 15. Nc5
Nc4 16. Bc1 f6 17. Bc2 fxe5 18. fxe5 Bf5 19. Bxf5 Rxf5 20. O-O Qe7 21. Qc2 Raf8
22. b3 Bxe5 23. dxe5 Qxc5+ 24. Kh1 Rxf3 25. gxf3 Qd4 26. Bh6 Rf5 27. bxc4 Rh5
28. Qd2 Rxh3+ 29. Kg2 Qh4 30. Qf4 Qxh6 31. Qxh6 Rxh6 32. cxb5 Nxb5 33. Rab1 Kf7
34. a4 Nc3 35. Rb7+ Ke6 36. f4 c5 37. Rxa7 d4 38. f5+ Kxe5 39. f6 1-0

[Event "USCL Boston vs New York"]
[Site "Internet Chess Club"]
[Date "2009.11.04"]
[Round "10"]
[White "Corke, Anya"]
[Black "Norowitz, Yaacov"]
[Result "1/2-1/2"]
[WhiteElo "2304"]
[BlackElo "2354"]
[PlyCount "59"]
[EventDate "2009.??.??"]

1. d4 Nf6 2. Bg5 e6 3. e4 h6 4. Bxf6 Qxf6 5. Nc3 d6 6. Qd2 e5 7. Nd5 Qd8 8. c3
g6 9. Bd3 Bg7 10. Ne2 O-O 11. O-O c6 12. Ne3 d5 13. exd5 exd4 14. Nxd4 cxd5 15.
Bb5 Qd6 16. Ne2 Be6 17. Rad1 Rd8 18. Ba4 Nc6 19. Nc2 d4 20. Ncxd4 Bc4 21. Rfe1
Bxe2 22. Qxe2 Nxd4 23. cxd4 Bxd4 24. Bb5 Qb6 25. Bc4 Rd7 26. Kh1 Rad8 27. Rd2
Kg7 28. Red1 Qf6 29. h3 a6 30. Rd3 1/2-1/2

[Event "USCL Boston vs New York"]
[Site "Internet Chess Club"]
[Date "2009.11.04"]
[Round "10"]
[White "Sammour-Hasbun, Jorge"]
[Black "Kacheishvili, Giorgi"]
[Result "0-1"]
[WhiteElo "2603"]
[BlackElo "2666"]
[PlyCount "74"]
[EventDate "2009.??.??"]

1. c4 c6 2. d4 d5 3. Nc3 Nf6 4. Nf3 dxc4 5. a4 e6 6. Bg5 Bb4 7. e4 Bxc3+ 8.
bxc3 Qa5 9. Bxf6 Qxc3+ 10. Nd2 gxf6 11. Bxc4 Qxd4 12. O-O Nd7 13. Qe2 Ne5 14.
Kh1 h5 15. f4 Ng4 16. Ra3 Bd7 17. Rd3 Qc5 18. e5 f5 19. Ba2 O-O-O 20. Nc4 Kb8
21. Nd6 Bc8 22. Qb2 b6 23. Qd2 f6 24. Rc3 Qb4 25. Qc2 Ba6 26. Bc4 Bxc4 27. Rxc4
Ne3 28. Rxb4 Nxc2 29. Rb2 Rxd6 30. exd6 Nd4 31. a5 Kb7 32. axb6 axb6 33. Rfb1
b5 34. Rd1 c5 35. Ra2 Rd8 36. Rc1 Kb6 37. Rca1 c4 0-1

[Event "USCL New Jersey vs Queens"]
[Site "Internet Chess Club"]
[Date "2009.11.04"]
[Round "10"]
[White "Ng, Andrew"]
[Black "Vicary, Elizabeth"]
[Result "0-1"]
[WhiteElo "2182"]
[BlackElo "2106"]
[PlyCount "58"]
[EventDate "2009.??.??"]

1. e4 c6 2. d4 d5 3. exd5 cxd5 4. c4 Nf6 5. Nc3 e6 6. Nf3 Be7 7. cxd5 Nxd5 8.
Bd3 O-O 9. O-O Nc6 10. a3 Bf6 11. Be4 Nce7 12. Qc2 h6 13. Ne5 Bd7 14. Rd1 Bc6
15. Ng4 Rc8 16. Qd3 Re8 17. Qf3 Bg5 18. Bxg5 hxg5 19. Ne5 f5 20. Bxd5 Nxd5 21.
Qh5 Qf6 22. Nxd5 Bxd5 23. Rac1 Red8 24. Ng6 Rxc1 25. Rxc1 Bc6 26. Rxc6 bxc6 27.
Qh8+ Kf7 28. Ne5+ Qxe5 29. Qh5+ g6 0-1

[Event "USCL Boston vs New York"]
[Site "Internet Chess Club"]
[Date "2009.11.04"]
[Round "10"]
[White "Krush, Irina"]
[Black "Shmelov, Denys"]
[Result "0-1"]
[WhiteElo "2478"]
[BlackElo "2474"]
[PlyCount "73"]
[EventDate "2009.??.??"]

1. d4 Nf6 2. c4 e6 3. Nc3 Bb4 4. e3 b6 5. Bd3 Bb7 6. Nf3 O-O 7. O-O d5 8. cxd5
exd5 9. Ne5 Bd6 10. f4 c5 11. Qf3 Nc6 12. Qh3 g6 13. Bd2 cxd4 14. Nxc6 Bxc6 15.
exd4 Ne4 16. Bxe4 dxe4 17. f5 Re8 18. Bh6 Bf8 19. d5 Bd7 20. Bxf8 Rxf8 21. Nxe4
Bxf5 22. Rxf5 gxf5 23. Qxf5 f6 24. Rf1 Qe7 25. d6 Qf7 26. Nxf6+ Kh8 27. Qe5 Qg7
28. d7 Rad8 29. h4 Rf7 30. Rf4 Rdxd7 31. Rf5 Rde7 32. Qf4 Re6 33. Nh5 Rxf5 34.
Qxf5 Qd4+ 35. Kf1 Qd1+ 36. Kf2 Qe1+ 37. Kf3 0-1

[Event "USCL Dallas vs San Francisco"]
[Site "Internet Chess Club"]
[Date "2009.11.04"]
[Round "10"]
[White "Liou, Yian"]
[Black "Zorigt, Bayaraa"]
[Result "1-0"]
[WhiteElo "2149"]
[BlackElo "2270"]
[PlyCount "123"]
[EventDate "2009.??.??"]

1. e4 c5 2. Nf3 d6 3. d4 cxd4 4. Nxd4 Nf6 5. Nc3 g6 6. Be3 Bg7 7. f3 O-O 8. Qd2
Nc6 9. O-O-O d5 10. Kb1 Nxd4 11. e5 Nxf3 12. gxf3 Nh5 13. Qxd5 Qc7 14. f4 Bg4
15. Be2 Bxe2 16. Nxe2 Rfd8 17. Qc5 Qxc5 18. Bxc5 Bh6 19. Be3 Rac8 20. b3 f6 21.
exf6 exf6 22. Bxa7 Rxd1+ 23. Rxd1 Re8 24. Ng3 Nxf4 25. a4 f5 26. a5 Ng2 27. b4
f4 28. Nf1 Bf8 29. c3 Bg7 30. Kc2 g5 31. b5 g4 32. Bf2 Ra8 33. Bb6 h5 34. Rd8+
Rxd8 35. Bxd8 Be5 36. b6 Ne1+ 37. Kd1 g3 38. hxg3 fxg3 39. Nxg3 Bxg3 40. Bc7
Bf2 41. Ke2 Nd3 42. Kxd3 h4 43. Ke2 Bc5 44. a6 bxa6 45. b7 Ba7 46. b8=Q+ Bxb8
47. Bxb8 Kf7 48. Kf3 Ke6 49. Ke4 Kd7 50. Kd5 Kc8 51. Bh2 Kb7 52. Kc5 Ka7 53.
Kc6 h3 54. Bg1+ Ka8 55. Kb6 a5 56. Kxa5 Kb7 57. Kb5 Kc7 58. Bh2+ Kb7 59. c4 Ka8
60. c5 Kb7 61. c6+ Kc8 62. Kb6 1-0

[Event "USCL New Jersey vs Queens"]
[Site "Internet Chess Club"]
[Date "2009.11.04"]
[Round "10"]
[White "Milman, Lev"]
[Black "Molner, Mackenzie"]
[Result "1-0"]
[WhiteElo "2510"]
[BlackElo "2446"]
[PlyCount "69"]
[EventDate "2009.??.??"]

1. e4 d6 2. d4 Nf6 3. Nc3 g6 4. Be3 c6 5. Qd2 b5 6. Bd3 Bg7 7. h3 O-O 8. Nf3
Nbd7 9. O-O Qc7 10. Rfe1 b4 11. Ne2 c5 12. c3 bxc3 13. Nxc3 cxd4 14. Bxd4 Bb7
15. Rac1 Qd8 16. b4 e5 17. Be3 d5 18. exd5 Nxd5 19. Nxd5 Bxd5 20. Be2 Nb6 21.
Red1 e4 22. Nd4 Qe7 23. Nb5 Rfd8 24. Rc7 Qe6 25. a3 Bf6 26. Qc1 Na4 27. Rxa7
Rxa7 28. Bxa7 Rc8 29. Qd2 Bb3 30. Bg4 Qa6 31. Bxc8 Qxc8 32. Qd7 Qc2 33. Re1 Qd3
34. Nd6 Bc3 35. Rxe4 1-0

[Event "USCL Tennessee vs Baltimore"]
[Site "Internet Chess Club"]
[Date "2009.11.04"]
[Round "10"]
[White "Enkhbat, Tegshsuren"]
[Black "Andrews, Todd"]
[Result "1/2-1/2"]
[WhiteElo "2430"]
[BlackElo "2360"]
[PlyCount "136"]
[EventDate "2009.??.??"]

1. d4 d5 2. c4 e5 3. dxe5 d4 4. Nf3 Nc6 5. g3 Nge7 6. Bg2 Ng6 7. Qa4 Qd7 8. O-O
Ngxe5 9. Nxe5 Nxe5 10. Qxd7+ Bxd7 11. Bxb7 Rb8 12. Bd5 c6 13. Bg2 Nxc4 14. b3
Ne5 15. Bf4 f6 16. Nd2 Rb6 17. Rfd1 Bb4 18. Ne4 Nf7 19. Rxd4 c5 20. Rdd1 f5 21.
Ng5 Bb5 22. Nxf7 Kxf7 23. Bd5+ Kf6 24. Bc4 Bxc4 25. bxc4 Re8 26. Kf1 g5 27. Be3
Re4 28. a3 Bc3 29. Rac1 Bb2 30. Bxc5 Bxc1 31. Bxb6 Rxc4 32. Bxa7 Bxa3 33. Rd7
Be7 34. Rb7 Ra4 35. h3 h6 36. e3 Ra6 37. Bd4+ Ke6 38. Rb5 Bf6 39. g4 fxg4 40.
Bxf6 Kxf6 41. hxg4 Ra4 42. Rb6+ Kg7 43. f3 Ra2 44. Rd6 Rh2 45. Ke1 Kf7 46. Rd2
Rh1+ 47. Ke2 h5 48. gxh5 Rxh5 49. Rd6 Rh3 50. Kf2 Kg7 51. e4 Rh8 52. Kg3 Rf8
53. Re6 Rf4 54. Ra6 Kf7 55. Rh6 Kg7 56. Rh1 Kf7 57. Rg1 Kf6 58. Kf2 Rh4 59. Ra1
Rh8 60. Ra6+ Kg7 61. Ke3 Rf8 62. Rd6 Rf4 63. e5 Rf5 64. Rd7+ Kg6 65. Ke4 Rf4+
66. Ke3 Rf5 67. Ke4 Rf4+ 68. Ke3 Rf5 1/2-1/2

[Event "USCL Tennessee vs Baltimore"]
[Site "Internet Chess Club"]
[Date "2009.11.04"]
[Round "10"]
[White "Burnett, Ron"]
[Black "Erenburg, Sergey"]
[Result "1/2-1/2"]
[WhiteElo "2380"]
[BlackElo "2616"]
[PlyCount "112"]
[EventDate "2009.??.??"]

1. e4 c6 2. d4 d5 3. e5 Bf5 4. Be2 e6 5. Nf3 c5 6. O-O Nc6 7. Be3 cxd4 8. Nxd4
Nxd4 9. Bxd4 Ne7 10. c4 Nc6 11. Qa4 dxc4 12. Rd1 Bd3 13. Bxd3 cxd3 14. Rxd3 Be7
15. Nc3 O-O 16. Rad1 Qa5 17. Qxa5 Nxa5 18. Ne4 Nc6 19. Bc3 Rfd8 20. f4 Kf8 21.
Kf2 b5 22. Rxd8+ Rxd8 23. Rxd8+ Bxd8 24. Bd2 h5 25. Be3 Be7 26. a3 Ke8 27. Bc5
Bxc5+ 28. Nxc5 Na5 29. b3 Kd8 30. Ke3 Kc7 31. Kd4 Kc6 32. g3 Kb6 33. Nd7+ Kc7
34. Nc5 Kc6 35. h3 g6 36. g4 h4 37. b4 Nc4 38. a4 Nd2 39. a5 Nf3+ 40. Ke4 Ng1
41. Nb3 Nxh3 42. Nd4+ Kd7 43. Nxb5 a6 44. Nd6 f5+ 45. gxf5 exf5+ 46. Kf3 g5 47.
Nxf5 Nxf4 48. Nxh4 Nd3 49. Ng6 Nxb4 50. Kg4 Ke6 51. Kxg5 Nc6 52. Kf4 Nxa5 53.
Ke4 Nc6 54. Nf4+ Ke7 55. Nd3 a5 56. Nc5 Nb4 1/2-1/2

[Event "USCL Philadelphia vs Carolina"]
[Site "Internet Chess Club"]
[Date "2009.11.04"]
[Round "10"]
[White "Costigan, Richard"]
[Black "Agner, Carlito"]
[Result "1-0"]
[WhiteElo "2288"]
[BlackElo "2220"]
[PlyCount "119"]
[EventDate "2009.??.??"]

1. e4 d6 2. d4 Nf6 3. Bd3 g6 4. Nf3 Bg7 5. O-O O-O 6. h3 Nc6 7. Nbd2 e5 8. c3
a5 9. Re1 Nh5 10. Qa4 Bd7 11. Bb5 Nb8 12. dxe5 c6 13. Bf1 dxe5 14. Qa3 b5 15.
Nb3 Nf4 16. Qd6 Be6 17. Qxd8 Rxd8 18. Bxf4 exf4 19. Rad1 Rxd1 20. Rxd1 Nd7 21.
Nbd4 Bxa2 22. Nxc6 Nc5 23. Bxb5 a4 24. Ra1 Be6 25. Nfd4 Bd7 26. f3 Kf8 27. b4
Ne6 28. Nxe6+ fxe6 29. Rxa4 Rc8 30. Na7 Bxb5 31. Nxb5 Bxc3 32. Nxc3 Rxc3 33.
Ra7 h5 34. b5 Rb3 35. Rb7 e5 36. b6 Ke8 37. Kf2 Rb2+ 38. Kf1 Kd8 39. Rb8+ Kd7
40. b7 Rb1+ 41. Kf2 Rb2+ 42. Kg1 Kc7 43. Rg8 Rb6 44. b8=Q+ Rxb8 45. Rxg6 Kd7
46. Rh6 Rg8 47. Rxh5 Ke6 48. Rh6+ Ke7 49. Rh4 Kf6 50. Rg4 Rh8 51. Kh2 Rc8 52.
h4 Rc1 53. Rg5 Rb1 54. Rf5+ Ke6 55. h5 Ra1 56. h6 Ra7 57. Rh5 Rh7 58. Kh3 Kf7
59. Kg4 Kf6 60. Rf5+ 1-0

[Event "USCL Miami vs Arizona"]
[Site "Internet Chess Club"]
[Date "2009.11.04"]
[Round "10"]
[White "Mateer, Amanda"]
[Black "Rodriguez, Eric"]
[Result "0-1"]
[WhiteElo "1986"]
[BlackElo "2290"]
[PlyCount "40"]
[EventDate "2009.??.??"]

1. d4 Nf6 2. c4 c5 3. d5 b5 4. Bg5 Ne4 5. Nd2 Nxg5 6. h4 g6 7. hxg5 Bg7 8. Qc2
Na6 9. Ngf3 Nb4 10. Qc1 bxc4 11. d6 Rb8 12. Nxc4 Ba6 13. Nfd2 O-O 14. Nb3 exd6
15. f4 Qe7 16. Rh3 Bxc4 17. Qxc4 d5 18. Qc1 c4 19. Re3 Qxe3 20. Qxe3 Nc2+ 0-1

[Event "USCL Seattle vs Chicago"]
[Site "Internet Chess Club"]
[Date "2009.11.04"]
[Round "10"]
[White "Felecan, Florin"]
[Black "Mikhailuk, Slava"]
[Result "1-0"]
[WhiteElo "2430"]
[BlackElo "2437"]
[PlyCount "55"]
[EventDate "2009.??.??"]

1. e4 c5 2. Nf3 Nc6 3. Bb5 g6 4. Bxc6 dxc6 5. h3 Bg7 6. d3 Nf6 7. Nc3 Nd7 8.
Be3 e5 9. Qd2 Qe7 10. Bh6 f6 11. Bxg7 Qxg7 12. Qe3 b6 13. Nd2 Nf8 14. f4 Qh6
15. Ne2 Ne6 16. O-O O-O 17. Nc4 Nd4 18. Nxd4 cxd4 19. Qg3 exf4 20. Rxf4 Be6 21.
Nd2 Rf7 22. a4 c5 23. Raf1 Qf8 24. h4 Qe7 25. b3 Raf8 26. Nf3 Rg7 27. Ng5 h6
28. Rxf6 1-0

[Event "USCL Philadelphia vs Carolina"]
[Site "Internet Chess Club"]
[Date "2009.11.04"]
[Round "10"]
[White "Smith, Bryan"]
[Black "Schroer, Jonathan"]
[Result "1-0"]
[WhiteElo "2528"]
[BlackElo "2429"]
[PlyCount "131"]
[EventDate "2009.??.??"]

1. e4 e5 2. Nf3 Nc6 3. Bb5 a6 4. Ba4 Nf6 5. O-O Be7 6. Re1 b5 7. Bb3 d6 8. c3
O-O 9. d4 Bg4 10. Be3 Na5 11. dxe5 Bxf3 12. Qxf3 dxe5 13. Bc2 Nc4 14. Bc1 Nd7
15. Rd1 Nd6 16. Nd2 Bg5 17. Nf1 Bxc1 18. Raxc1 Qf6 19. Qxf6 Nxf6 20. f3 Rfd8
21. Ne3 Kf8 22. Kf2 h5 23. Bb3 Rab8 24. Ke2 Nfe8 25. Rd5 f6 26. Rcd1 c6 27.
R5d2 g6 28. c4 Ke7 29. cxb5 axb5 30. Rc2 Rdc8 31. Rdc1 Kd7 32. Rd2 Ke7 33. Rdc2
Kd7 34. g3 Rc7 35. Ng2 Ng7 36. Ke3 Re8 37. Rd2 Ne6 38. Nh4 Nd4 39. Nxg6 c5 40.
Bd5 c4 41. f4 Kc8 42. fxe5 fxe5 43. Nxe5 N4f5+ 44. exf5 Rxe5+ 45. Kd4 Re8 46.
Be6+ Kb7 47. Ke5 Nf7+ 48. Kf4 Nd8 49. Bd5+ Kb6 50. a4 Rf8 51. axb5 Kxb5 52.
Rdc2 Rc5 53. Bxc4+ Kb4 54. Bd3 Ne6+ 55. Ke3 Re5+ 56. Kd2 Ng5 57. Rc4+ Ka5 58.
Rc5+ Rxc5 59. Rxc5+ Kb4 60. Rb5+ Ka4 61. b3+ Ka3 62. Kc3 Rc8+ 63. Bc4 Ne4+ 64.
Kd4 Nd6 65. Ra5+ Kb2 66. Rd5 1-0

[Event "USCL Philadelphia vs Carolina"]
[Site "Internet Chess Club"]
[Date "2009.11.04"]
[Round "10"]
[White "Timmel, John"]
[Black "Wilson, Elvin"]
[Result "0-1"]
[WhiteElo "2121"]
[BlackElo "2240"]
[PlyCount "120"]
[EventDate "2009.??.??"]

1. e4 e6 2. d4 d5 3. Nc3 Nf6 4. e5 Nfd7 5. f4 c5 6. Nf3 Nc6 7. Be3 cxd4 8. Nxd4
Bc5 9. Qd2 O-O 10. O-O-O a6 11. Nb3 Bb4 12. a3 Be7 13. h4 b5 14. Ne2 b4 15. a4
Na5 16. Ned4 Bb7 17. Bd3 Rc8 18. Kb1 Nc5 19. Nxc5 Bxc5 20. f5 Nc4 21. Bxc4 dxc4
22. f6 Qd5 23. Nf3 Qxd2 24. Bxd2 b3 25. Rhe1 Rfd8 26. Kc1 Bf2 27. Ba5 Rd5 28.
Rxd5 Bxd5 29. Re2 Bc5 30. Kd2 Bc6 31. c3 Bxa4 32. Re4 Ba7 33. Rg4 g6 34. h5 Bb5
35. hxg6 hxg6 36. Rh4 Rc5 37. Bb4 Rd5+ 38. Ke2 Bb8 39. Re4 Bc7 40. Be7 Bc6 41.
Kf2 Bb5 42. Kg3 Rd3 43. Kf4 Rd5 44. Re1 Bc6 45. Rh1 Rb5 46. Bf8 Bxf3 47. Kxf3
Bxe5 48. Be7 Bxf6 49. Bxf6 Rf5+ 50. Ke3 Rxf6 51. Rh4 Rf1 52. Rxc4 Rb1 53. Ra4
Rxb2 54. g3 Ra2 55. Rb4 Ra3 56. c4 a5 57. Rb7 a4 58. Kf4 Ra1 59. c5 Rc1 60. Ra7
b2 0-1

[Event "USCL Tennessee vs Baltimore"]
[Site "Internet Chess Club"]
[Date "2009.11.04"]
[Round "10"]
[White "Defibaugh, Jared"]
[Black "Justice, David"]
[Result "1/2-1/2"]
[WhiteElo "2155"]
[BlackElo "2087"]
[PlyCount "120"]
[EventDate "2009.??.??"]

1. c4 e5 2. Nc3 Nf6 3. g3 Bb4 4. Bg2 O-O 5. e3 Bxc3 6. dxc3 d6 7. Ne2 Nbd7 8.
O-O Rb8 9. e4 Nc5 10. Qc2 Bd7 11. b4 Na4 12. f4 h6 13. fxe5 dxe5 14. c5 Qe7 15.
c4 b6 16. cxb6 cxb6 17. Rf3 Qxb4 18. Ba3 Qa5 19. Bxf8 Rxf8 20. Kh1 Nc5 21. Nc3
Ne6 22. Rff1 Nd4 23. Qd3 Bg4 24. h3 Be6 25. Nd5 Nd7 26. Rf2 Qc5 27. Raf1 Rc8
28. Ne3 Qb4 29. Rc1 Nc5 30. Qc3 Qa4 31. Nf5 Qd7 32. g4 Na4 33. Qb4 Kh7 34. Rd2
a5 35. Qa3 Bxc4 36. Nd6 b5 37. Nxc8 Qxc8 38. Qe3 Qc5 39. Bf1 Nb6 40. Rdc2 Qc6
41. Rc3 Qf6 42. Bg2 Qe6 43. Qf2 b4 44. R3c2 Nxc2 45. Rxc2 Na4 46. Bf1 Nc3 47.
a3 Nxe4 48. Qe1 Nc3 49. Bxc4 Qxc4 50. Qxe5 Qd3 51. Qf5+ Qxf5 52. gxf5 h5 53.
axb4 axb4 54. Kg2 Kh6 55. h4 g6 56. Kf3 g5 57. Rb2 Nd5 58. Ke4 Nf6+ 59. Kf3
gxh4 60. Kf4 h3 1/2-1/2

[Event "USCL Tennessee vs Baltimore"]
[Site "Internet Chess Club"]
[Date "2009.11.04"]
[Round "10"]
[White "Bereolos, Peter"]
[Black "Zimmer, Ralph"]
[Result "0-1"]
[WhiteElo "2329"]
[BlackElo "2282"]
[PlyCount "152"]
[EventDate "2009.??.??"]

1. d4 f5 2. e4 fxe4 3. Nc3 Nf6 4. f3 d5 5. fxe4 dxe4 6. Bg5 Bf5 7. Bc4 Nc6 8.
Nge2 Qd7 9. d5 Ne5 10. Bb5 c6 11. dxc6 Nxc6 12. O-O O-O-O 13. Ng3 Qc7 14. Qe1
Bg6 15. Kh1 Nd4 16. Ba4 Qa5 17. Bd2 e5 18. Bb3 Qb6 19. Bg5 Bb4 20. Bxf6 gxf6
21. Ngxe4 f5 22. Nd2 Nxb3 23. axb3 Rhe8 24. Nc4 Qc5 25. Na4 Qxc4 26. bxc4 Bxe1
27. Rfxe1 f4 28. Nc3 Kb8 29. Ra5 e4 30. Nd5 e3 31. Nxf4 Bxc2 32. Rd5 Rc8 33.
Rd4 Bb3 34. Rd3 Rxc4 35. g3 Bc2 36. Rdxe3 Rxe3 37. Rxe3 a5 38. Re2 a4 39. Kg1
b5 40. Nd5 Be4 41. Ne3 Rc1+ 42. Kf2 b4 43. Rd2 a3 44. bxa3 bxa3 45. Ra2 Rc3 46.
Nc4 Rxc4 47. Rxa3 Bc2 48. Ke3 Kc7 49. Ra7+ Kd6 50. Ra5 Ke6 51. Rb5 Kf6 52. Ra5
Bf5 53. Rb5 Kg5 54. h3 Kf6 55. Rb6+ Be6 56. Kf3 Ke5 57. Rb5+ Bd5+ 58. Kf2 Rc2+
59. Kf1 Ke4 60. Ra5 Bc4+ 61. Kg1 Bd3 62. g4 Kf3 63. Ra3 Rd2 64. g5 Kg3 65. Ra1
Kxh3 66. Re1 Kg4 67. Re5 Bf5 68. Re7 Kxg5 69. Rg7+ Kf4 70. Rf7 h5 71. Rf8 h4
72. Rf7 h3 73. Rf8 Kg3 74. Kf1 Rd1+ 75. Ke2 Bg4+ 76. Ke3 h2 0-1

[Event "USCL Dallas vs San Francisco"]
[Site "Internet Chess Club"]
[Date "2009.11.04"]
[Round "10"]
[White "Kiewra, Keaton"]
[Black "Naroditsky, Daniel"]
[Result "1/2-1/2"]
[WhiteElo "2365"]
[BlackElo "2371"]
[PlyCount "150"]
[EventDate "2009.??.??"]

1. e4 c5 2. Nf3 d6 3. d4 cxd4 4. Nxd4 Nf6 5. Nc3 a6 6. Bg5 e6 7. f4 Be7 8. Qf3
Qc7 9. O-O-O Nbd7 10. Bd3 h6 11. Bh4 g5 12. fxg5 Ne5 13. Qe2 Nfg4 14. h3 hxg5
15. Bg3 Nf6 16. Rhf1 Bd7 17. Kb1 b5 18. a3 Rb8 19. Na2 Nh5 20. Bh2 Nf4 21. Qd2
a5 22. Bxf4 gxf4 23. Qxf4 b4 24. axb4 axb4 25. Nb3 Ba4 26. Qf2 Rf8 27. Qd4 Nxd3
28. Rxd3 Bb5 29. Nxb4 Bxd3 30. Nxd3 Rc8 31. Qf2 f5 32. Qe2 fxe4 33. Rxf8+ Bxf8
34. Nf4 Qc4 35. Qxc4 Rxc4 36. Nxe6 e3 37. Ned4 Bg7 38. Ne2 Rb4 39. Ka2 Ra4+ 40.
Kb1 Rb4 41. Ka2 Be5 42. c3 Rb7 43. Nbc1 Rg7 44. g4 Rh7 45. Kb3 Rxh3 46. Kc4 Rh4
47. Kd3 Rxg4 48. Kxe3 Kd7 49. Nd3 Ke6 50. Nb4 Rh4 51. Kd3 Rh3+ 52. Kc4 Rh2 53.
Kd3 d5 54. Nc6 Kd6 55. Nb4 Bf6 56. Nf4 d4 57. cxd4 Rxb2 58. Nc2 Bg5 59. Ne2
Rb3+ 60. Kc4 Rb8 61. Nc3 Rc8+ 62. Kd3 Be7 63. Ne3 Kd7 64. Nc4 Rh8 65. Ke4 Bf6
66. Kd5 Ke7 67. Ne5 Rc8 68. Nb5 Rd8+ 69. Ke4 Bxe5 70. dxe5 Rb8 71. Nd4 Rb1 72.
Nf5+ Kd7 73. Nd4 Re1+ 74. Kd5 Rd1 75. Ke4 Re1+ 1/2-1/2

[Event "USCL Seattle vs Chicago"]
[Site "Internet Chess Club"]
[Date "2009.11.04"]
[Round "10"]
[White "Milat, Marcel"]
[Black "Pasalic, Mehmed"]
[Result "1-0"]
[WhiteElo "2354"]
[BlackElo "2346"]
[PlyCount "73"]
[EventDate "2009.??.??"]

1. e4 c5 2. Nf3 e6 3. Nc3 a6 4. d4 cxd4 5. Nxd4 Qc7 6. Bd3 Nf6 7. O-O Nc6 8.
Be3 Ne5 9. h3 Bc5 10. Qe2 d6 11. Nb3 Bxe3 12. Qxe3 O-O 13. f4 Ng6 14. Rae1 b5
15. Nd4 b4 16. Nce2 e5 17. fxe5 dxe5 18. Nf5 Qa7 19. Qxa7 Rxa7 20. a3 bxa3 21.
bxa3 Rc7 22. Rb1 Rc5 23. Rb6 Bxf5 24. Rxf5 a5 25. Rf1 h5 26. Rfb1 Rfc8 27. Rb8
Nd7 28. Rxc8+ Rxc8 29. Rb7 Nc5 30. Ra7 a4 31. Bc4 Ne6 32. Rxa4 Nc5 33. Ra7 Nxe4
34. Bxf7+ Kh7 35. c4 Nd6 36. Bxg6+ Kxg6 37. Ra6 1-0

[Event "USCL Dallas vs San Francisco"]
[Site "Internet Chess Club"]
[Date "2009.11.04"]
[Round "10"]
[White "Ludwig, Daniel"]
[Black "Wolff, Patrick"]
[Result "1-0"]
[WhiteElo "2543"]
[BlackElo "2623"]
[PlyCount "111"]
[EventDate "2009.??.??"]

1. d4 d6 2. c4 e5 3. Nf3 e4 4. Ng5 f5 5. Nc3 c6 6. f3 Be7 7. Nh3 Nf6 8. Bg5 O-O
9. Nf4 Na6 10. e3 Re8 11. Bxf6 Bxf6 12. fxe4 Bg5 13. g3 Bxf4 14. gxf4 Qh4+ 15.
Kd2 fxe4 16. Qe1 Qf6 17. Qg3 c5 18. d5 Nc7 19. Qg5 Qxg5 20. fxg5 Re5 21. h4 b5
22. b3 bxc4 23. bxc4 Rb8 24. Kc2 Ba6 25. a3 Na8 26. Na4 Rf5 27. Kc3 Rf2 28. Rg1
Nc7 29. Rg4 Bc8 30. Rg2 Rf3 31. Re1 Bd7 32. Nb2 Rh3 33. Rf2 Rxh4 34. Rf4 Rh2
35. Re2 Rxe2 36. Bxe2 Re8 37. Nd1 Re5 38. Nf2 Rxg5 39. Nxe4 Re5 40. Nxd6 Rxe3+
41. Kd2 Re7 42. Bd3 g5 43. Rf1 Ne8 44. Ne4 Rxe4 45. Bxe4 Nd6 46. Kd3 Kg7 47.
Rb1 h5 48. Rb8 Bh3 49. Rd8 Bf1+ 50. Ke3 Nxc4+ 51. Kf2 Nd2 52. d6 Bb5 53. Bf5
Kf6 54. d7 Bxd7 55. Rxd7 Nc4 56. Bd3 1-0

[Event "USCL Seattle vs Chicago"]
[Site "Internet Chess Club"]
[Date "2009.11.04"]
[Round "10"]
[White "Rosen, Eric"]
[Black "Sinanan, Joshua"]
[Result "1-0"]
[WhiteElo "2164"]
[BlackElo "2284"]
[PlyCount "89"]
[EventDate "2009.??.??"]

1. e4 c5 2. Nc3 e6 3. f4 d5 4. Nf3 dxe4 5. Nxe4 Nc6 6. g3 Be7 7. Bg2 Nh6 8. b3
O-O 9. Bb2 Nf5 10. O-O Bd7 11. g4 Nfd4 12. Nxd4 Nxd4 13. c3 Nc6 14. Qf3 Qc7 15.
Qe3 b6 16. Ng3 Rad8 17. Be4 Bd6 18. Rad1 f5 19. gxf5 exf5 20. Bd5+ Kh8 21. Qf3
Ne7 22. c4 Nxd5 23. cxd5 Bb5 24. Rf2 Qf7 25. Nh5 Rg8 26. Rg2 Bf8 27. Re1 Rxd5
28. Re3 Bc6 29. Qd1 Rd4 30. Rf2 Qd5 31. Ng3 Rd3 32. Qe2 Rxe3 33. Qxe3 Bd6 34.
Re2 Bd7 35. Nh5 Bc6 36. Ng3 c4 37. bxc4 Qxc4 38. Nxf5 Bxf4 39. Qe6 Bd5 40. Qe7
Bf7 41. Rg2 Qc5+ 42. Qxc5 bxc5 43. Nxg7 h5 44. Nxh5+ Kh7 45. Nf6+ 1-0

[Event "USCL Seattle vs Chicago"]
[Site "Internet Chess Club"]
[Date "2009.11.04"]
[Round "10"]
[White "Serper, Gregory"]
[Black "van de Mortel, Jan"]
[Result "1-0"]
[WhiteElo "2592"]
[BlackElo "2456"]
[PlyCount "143"]
[EventDate "2009.??.??"]

1. c4 Nf6 2. Nc3 g6 3. g3 Bg7 4. Bg2 O-O 5. e4 c5 6. Nge2 Nc6 7. O-O Ne8 8. a3
Nc7 9. Rb1 a5 10. d3 Ne6 11. Nd5 Ned4 12. Nxd4 Nxd4 13. Bg5 f6 14. Be3 e6 15.
Nc3 f5 16. exf5 gxf5 17. b4 axb4 18. axb4 Ra3 19. Nb5 Nxb5 20. cxb5 cxb4 21.
Bc5 Re8 22. Bxb4 Ra7 23. Bd6 b6 24. Qh5 Bb7 25. Bxb7 Rxb7 26. Rb4 e5 27. Rc1
Ra7 28. Rh4 h6 29. Qxf5 Re6 30. Rhc4 Ra8 31. Bb4 Qe8 32. Rc7 Rd8 33. h4 e4 34.
dxe4 Re5 35. Qf3 Rxe4 36. Bc3 Bxc3 37. R1xc3 Re1+ 38. Kg2 Qe4 39. Qxe4 Rxe4 40.
Rd3 Re5 41. Rdxd7 Rxd7 42. Rxd7 Rxb5 43. Rb7 Rb2 44. g4 b5 45. Kg3 b4 46. f3 b3
47. Kf4 Rh2 48. Kg3 Rb2 49. h5 Rb1 50. Kf4 b2 51. Kf5 Rf1 52. Rxb2 Rxf3+ 53.
Kg6 Rf8 54. Kxh6 Rf6+ 55. Kg5 Ra6 56. Rb8+ Kh7 57. Rb7+ Kg8 58. h6 Kh8 59. Kh5
Ra1 60. g5 Ra5 61. Re7 Rb5 62. Kg6 Rb6+ 63. Kf5 Rb5+ 64. Re5 Rb1 65. Kf6 Rf1+
66. Rf5 Ra1 67. g6 Ra6+ 68. Kg5 Ra8 69. h7 Kg7 70. Rf7+ Kh8 71. Kh6 Ra1 72. g7#
1-0